| 000 | 00845nam a22002897a 4500 | ||
|---|---|---|---|
| 001 | BR2023001087 | ||
| 003 | BR-BrBNA | ||
| 005 | 20230923140801.0 | ||
| 008 | 230923b bl.||||| |||| 00| 0 por d | ||
| 020 | _a85-7300-166-6 | ||
| 040 |
_aBR-BrBNA _bpor |
||
| 041 | _apor | ||
| 072 | _aD50 ; T01 ; P01 | ||
| 090 |
_aD50 _bBR2023001087 |
||
| 100 | _aCampos Filho, Gilberto de Jesus | ||
| 110 | 1 |
_95914 _aInstituto Brasileiro do Meio Ambiente e dos Recursos Naturais Renováveis, Brasília, DF (Brasil) |
|
| 245 | _aCartilha lei dos crimes ambientais | ||
| 260 |
_aBrasília, DF (Brasil) _c2004 |
||
| 300 |
_a24 p. _bil. color. _c21 x 26 cm |
||
| 500 | _a18 illus. | ||
| 650 | _aMEIO AMBIENTE | ||
| 650 | _aPOLUIÇÃO | ||
| 650 | _aPRESERVAÇÃO DA NATUREZA | ||
| 650 | _aLEGISLAÇÃO | ||
| 909 |
_a202309 _bFernando |
||
| 942 | _cBK | ||
| 999 |
_c10035 _d10035 |
||